| 000 | 00561nam a22001217a 4500 | ||
|---|---|---|---|
| 999 |
_c7026 _d7026 |
||
| 008 | 200415b ||||| |||| 00| 0 eng d | ||
| 100 | _aBank of Tanzania | ||
| 245 |
_aThe sixteenth Conference of Financial Institutions Held at Arusha International Conference Centre (AICC) Arusha Tanzania _bTheme Financial Innovations and Financial Inclussion in Tanzania _cBank of Tanzania _hEnglish |
||
| 260 |
_aDar Es Salaam _bBank of Tanzania _c2012 |
||
| 300 |
_a729p. _c21cm |
||
| 650 | _2The Sixteenth Conference of Financial Institution Held at Arusha | ||
| 942 |
_2ddc _cBOOKS |
||